000 00513nam a2200181Ia 4500
008 090124s9999 xx 000 0 und d
082 _b25733
100 _aहसमनीस द. का.
245 _a चिंगळी
250 _a1
260 _bगुलमोहर पब्लिकेशन
_c1987
300 _a192
600 _aहसमनीस द. का.
630 _a चिंगळी
700 _aहसमनीस द. का.
730 _a चिंगळी
942 _cBOOK
999 _c95538
_d95538